书目信息 |
| 题名: |
天战揭秘
|
|
| 作者: | 潘少军 编著 | |
| 分册: | ||
| 出版信息: | 北京 兵器工业出版社 2005 |
|
| 页数: | 114页 | |
| 开本: | 26cm | |
| 丛书名: | ||
| 单 册: | ||
| 中图分类: | E864 | |
| 科图分类: | ||
| 主题词: | 非常规战争 | |
| 电子资源: | ||
| ISBN: | 7-80172-416-X | |
| 000 | 00518nam0 2200181 450 | |
| 001 | 0736196517 | |
| 005 | 20070924100316.51 | |
| 010 | @a7-80172-416-X@d¥29.00 | |
| 100 | @a20070924d km y0chiy0120 ea | |
| 101 | 0 | @achi |
| 200 | 1 | @a天战揭秘@Atian zhan jie mi@f潘少军等编著@Fpan shao jun deng bian zhu |
| 210 | @a北京@c兵器工业出版社@d2005 | |
| 215 | @a114页@c照片@d26cm | |
| 606 | 0 | @a非常规战争 |
| 690 | @aE864@v3 | |
| 701 | 0 | @a潘少军@Apan shao jun@4编著 |
| 801 | 0 | @aCN@bPFT@c20070924 |
| 905 | @a213230@dE864@eZY2@f1 | |
| 天战揭秘/潘少军等编著.-北京:兵器工业出版社,2005 |
| 114页:照片;26cm |
| ISBN 7-80172-416-X:¥29.00 |
| ● |
| 相关链接 |
|
|
|
|
正题名:天战揭秘
索取号:E864/ZY2
 
预约/预借
| 序号 | 登录号 | 条形码 | 馆藏地/架位号 | 状态 | 备注 |
| 1 | 7900777 | 279007771 | 密集书库-资源管理系/ [索取号:E864/ZY2] | 在馆 |